| 000 | 01374nam a2200253Ia 4500 | ||
|---|---|---|---|
| 003 | Ost | ||
| 005 | 20260507075556.0 | ||
| 008 | 260507s9999||||xx |||||||||||||| ||und|| | ||
| 020 | _a9960408310 | ||
| 040 | _cfsecg | ||
| 041 | _aara | ||
| 082 | _a330 | ||
| 100 |
_aغريبر، توماس _eمؤلف |
||
| 245 | 0 |
_aالتسويق : _bلاصحاب الشركات الصغيرة والاعمال الحرة / _c توماس غريبر |
|
| 260 |
_aالرياض: _bمكتبة العبيكان, _c2005 |
||
| 300 |
_a292 صفحة؛ _bإيضاحات ؛ _c24 سم |
||
| 520 | _aالتسويق هو الطريق الى النجاح و ما التسويق؟ وهل يحتاج عملك لرسالة واضحة وضوح الشمس و بالتسويق الموجه الى الزبائن تؤمن لعملك الانطلاق الصحيحة و بمساعدة تسويق التميز و الشهرة تبني لنفسك اسما و بالحملاتا الهادفة تنجح في اقتحام السوق و اعداد مطبوعات التسويق الفعالة و اخيرا تخطيط التسويق و مراقبة النجاح. | ||
| 653 | _aالاعمال الحرة | ||
| 653 | _aالتسويق | ||
| 653 | _aالشركات الصغيرة | ||
| 700 |
_aصالح، هاني _eمؤلف ثانوي |
||
| 700 |
_aقيس، عمار _eمؤلف ثانوي |
||
| 942 | _cكتاب | ||
| 999 |
_c44964 _d44964 |
||